Entry Término temático
001 - NÚMERO DE CONTROL
- campo de control: 45127
003 - IDENTIFICADOR DEL NÚMERO DE CONTROL
- campo de control: BNPHU
005 - FECHA Y HORA DE LA ÚLTIMA TRANSACCIÓN
- campo de control: 20260123084547.0
008 - DATOS DE LONGITUD FIJA
- campo de control de longitud fija: 200615|| aca||aabn | a|a d
010 ## - NÚMERO DE CONTROL DE LA BIBLIOTECA DEL CONGRESO
- Número de control de LC: sh 85073709
040 ## - FUENTE DE LA CATALOGACIÓN
- Centro catalogador/agencia de origen: DO-SdBNP
- Centro/agencia transcriptor: OSt
- Lengua de catalogación: BNPHU
- Normas de descripción: rda
150 ## - ENCABEZAMIENTO--TÉRMINO DE MATERIA
- Término de materia o nombre geográfico como elemento de entrada: Derecho internacional laboral
450 0# - TRAZADO DE VÉASE--TÉRMINO DE MATERIA
- Término de materia o nombre geográfico como elemento de entrada: Labor laws and legislation, International
450 ## - TRAZADO DE VÉASE--TÉRMINO DE MATERIA
- Término de materia o nombre geográfico como elemento de entrada: Derecho Internacional del trabajo
450 ## - TRAZADO DE VÉASE--TÉRMINO DE MATERIA
- Término de materia o nombre geográfico como elemento de entrada: Trabajo
- Subdivisión general: Acuerdos Internacionales
550 ## - TRAZADO VÉASE ADEMÁS--TÉRMINO DE MATERIA
- Término de materia o nombre geográfico como elemento de entrada: Derecho internacional
- Subcampo de control: g
670 ## - FUENTE DE DATOS ENCONTRADOS
- Cita de la fuente: Work cat.: (OSt)21194: Hernández- Machado Santana, Erick J. 13090, Convenios de la OIT/DR-Cafta /, 2006.
670 ## - FUENTE DE DATOS ENCONTRADOS
- Identificador Uniforme del Recurso: https://librunam.dgb.unam.mx:8443/F/3FC6BHJ5DX3TQM9532PSY68Q7R2A9PGJ1E6VHA743RQE1B7GIE-20146?func=full-set-set&set_number=007166&set_entry=000001&format=001 Consultado en 20 de Enero de 2026
680 ## - NOTA GENERAL PÚBLICA
- Texto explicativo: Aquí se asientan las obras sobre leyes laborales adoptadas o propuestas por dos o más países conjuntamente por convención o tratado
750 0# - ENTRADA DE ENLACE DE ENCABEZAMIENTO ESTABLECIDO--TÉRMINO DE MATERIA
- Número de control del registro de autoridad o número normalizado: sh 85073709
- Término de materia o nombre geográfico como elemento de entrada: Labor laws and legislation, International
